The voyages of Doctor Dolittle / (Record no. 7750)
[ view plain ]
| 000 -LEADER | |
|---|---|
| fixed length control field | 01252cam a22003257a 4500 |
| 001 - CONTROL NUMBER | |
| control field | 14254625 |
| 003 - CONTROL NUMBER IDENTIFIER | |
| control field | OSt |
| 005 - DATE AND TIME OF LATEST TRANSACTION | |
| control field | 20140310181944.0 |
| 008 - FIXED-LENGTH DATA ELEMENTS--GENERAL INFORMATION | |
| fixed length control field | 060206s2005 nyua j 000 1 eng |
| 010 ## - LIBRARY OF CONGRESS CONTROL NUMBER | |
| LC control number | 2006272050 |
| 020 ## - INTERNATIONAL STANDARD BOOK NUMBER | |
| International Standard Book Number | 0440400023 |
| 040 ## - CATALOGING SOURCE | |
| Original cataloging agency | DLC |
| Transcribing agency | DLC |
| Modifying agency | DLC |
| 050 00 - LIBRARY OF CONGRESS CALL NUMBER | |
| Classification number | PZ 7 |
| Item number | .L829 1988 |
| 082 ## - DEWEY DECIMAL CLASSIFICATION NUMBER | |
| Classification number | KF |
| Item number | L82v 1988 |
| 100 1# - MAIN ENTRY--PERSONAL NAME | |
| Personal name | Lofting, Hugh, |
| Dates associated with a name | 1886-1947. |
| 9 (RLIN) | 3772 |
| 245 14 - TITLE STATEMENT | |
| Title | The voyages of Doctor Dolittle / |
| Statement of responsibility, etc | Hugh Lofting |
| 260 ## - PUBLICATION, DISTRIBUTION, ETC. (IMPRINT) | |
| Place of publication, distribution, etc | New York, New York : |
| Name of publisher, distributor, etc | Bantam Doubleday Dell Books for Young Readers, |
| Date of publication, distribution, etc | c1988. |
| 300 ## - PHYSICAL DESCRIPTION | |
| Extent | xiii, 316 p. : |
| Other physical details | ill. ; |
| Dimensions | 20 cm. |
| Accompanying material | |
| 520 ## - SUMMARY, ETC. | |
| Summary, etc | When his colleague Long Arrow disappears, Dr. Dolittle sets off with his assistant, Tommy Stubbins, his dog, Jip, and Polynesia the parrot on an adventurous voyage over tropical seas to floating Spidermonkey Island. |
| 541 ## - IMMEDIATE SOURCE OF ACQUISITION NOTE | |
| -- | 1 |
| 541 ## - IMMEDIATE SOURCE OF ACQUISITION NOTE | |
| -- | 2 |
| 541 ## - IMMEDIATE SOURCE OF ACQUISITION NOTE | |
| -- | 3 |
| 562 ## - COPY AND VERSION IDENTIFICATION NOTE | |
| Number of copies | 3 |
| 650 #1 - SUBJECT ADDED ENTRY--TOPICAL TERM | |
| Topical term or geographic name as entry element | Children's literature |
| General subdivision | Fiction |
| 9 (RLIN) | 3773 |
| 650 #1 - SUBJECT ADDED ENTRY--TOPICAL TERM | |
| Topical term or geographic name as entry element | Fiction |
| 9 (RLIN) | 746 |
| 856 42 - ELECTRONIC LOCATION AND ACCESS | |
| Materials specified | Publisher description |
| Uniform Resource Identifier | <a href="http://www.loc.gov/catdir/enhancements/fy0629/2006272050-d.html">http://www.loc.gov/catdir/enhancements/fy0629/2006272050-d.html</a> |
| 906 ## - LOCAL DATA ELEMENT F, LDF (RLIN) | |
| a | 7 |
| b | cbc |
| c | origcop |
| d | 2 |
| e | ncip |
| f | 20 |
| g | y-gencatlg |
| 942 ## - ADDED ENTRY ELEMENTS (KOHA) | |
| Source of classification or shelving scheme | Library of Congress Classification |
| Koha item type | |
| Call number prefix | |
| Withdrawn status | Lost status | Source of classification or shelving scheme | Damaged status | Home library | Current library | Shelving location | Date acquired | Total Checkouts | Full call number | Barcode | Date last seen | Copy number | Price effective from | Koha item type | Source of acquisition | Sub Shelving location |
|---|---|---|---|---|---|---|---|---|---|---|---|---|---|---|---|---|
| Library of Congress Classification | Luxembourg Library | Luxembourg Library | Kids Fiction Section | 07/25/2013 | PZ 7 .L829 1988 | 5440 | 08/13/2013 | 2 | 07/25/2013 | Books | ||||||
| Library of Congress Classification | Luxembourg Library | Luxembourg Library | Kids Fiction Section | 07/25/2013 | PZ 7 .L829 1988 | 14324 | 08/13/2013 | 3 | 07/25/2013 | Books | ||||||
| Library of Congress Classification | Luxembourg Library | Luxembourg Library | Kids Fiction Section | 04/22/2016 | PZ 7 .L829 1988 | 4019 | 04/22/2016 | 04/22/2016 | Books | Donation |